Dynamic light scattering (Record no. 5763)

MARC details
000 -LEADER
fixed length control field 00635nam a2200205Ia 4500
003 - CONTROL NUMBER IDENTIFIER
control field IN-BaIIA
008 - FIXED-LENGTH DATA ELEMENTS--GENERAL INFORMATION
fixed length control field 211028s9999 xx 000 0 eng d
020 ## - INTERNATIONAL STANDARD BOOK NUMBER
International Standard Book Number 0-471-07100-5
040 ## - CATALOGING SOURCE
Transcribing agency IIA Library
080 ## - UNIVERSAL DECIMAL CLASSIFICATION NUMBER
Universal Decimal Classification number 535.4
Item number BER
100 ## - MAIN ENTRY--PERSONAL NAME
Personal name Berne, Bruce J
9 (RLIN) 9907
245 #0 - TITLE STATEMENT
Title Dynamic light scattering
Remainder of title with applications to chemistry, biology and physics
Statement of responsibility, etc. Bruce J. Berne and Robert Pecora.
260 ## - PUBLICATION, DISTRIBUTION, ETC.
Place of publication, distribution, etc. New York
Name of publisher, distributor, etc. John Wiley & Sons
Date of publication, distribution, etc. 1976
300 ## - PHYSICAL DESCRIPTION
Extent vii, 376p.
650 ## - SUBJECT ADDED ENTRY--TOPICAL TERM
Topical term or geographic name entry element Astronomy and astrophysics thesaurus
650 ## - SUBJECT ADDED ENTRY--TOPICAL TERM
Topical term or geographic name entry element Light scattering
9 (RLIN) 3487
650 ## - SUBJECT ADDED ENTRY--TOPICAL TERM
Topical term or geographic name entry element Molecules
9 (RLIN) 4897
700 ## - ADDED ENTRY--PERSONAL NAME
Personal name Pecora, Robert
9 (RLIN) 9909
942 ## - ADDED ENTRY ELEMENTS (KOHA)
Koha item type Books
Holdings
Withdrawn status Lost status Damaged status Not for loan Home library Current library Shelving location Date acquired Total Checkouts Full call number Barcode Date last seen Price effective from Koha item type
        IIA Library-Bangalore IIA Library-Bangalore General Stacks 05/04/1978   535.4/ BER 6444 05/11/2021 05/04/1978 Books

Powered by Koha